Über den Fluss und in die Wälder : Roman /

Hlavní autor: Hemingway, Ernest, 1899-1961
Jazyk: Němčina
Vydáno: Berlin : Aufbau-Verlag, 1957
Fyzický popis: 311 s.
Knihy
Uloženo v:
LEADER 00639nam a22002052a 4500
001 000244330
003 CZ BrMZK
005 20150217150825.0
007 ta
008 950101s1957 gw f ger d
040 |a BOA001  |b cze 
041 1 |a ger  |h eng 
100 1 |a Hemingway, Ernest,  |d 1899-1961  |7 jn19990003371  |4 aut 
245 1 0 |a Über den Fluss und in die Wälder :  |b Roman /  |c Ernest Hemingway 
260 |a Berlin :  |b Aufbau-Verlag,  |c 1957 
300 |a 311 s. 
500 |a Přeloženo z angličtiny 
910 |a BOA001  |b 2-0385.879 
990 |a BK 
996 7 |b 2619873139  |c 2-0385.879  |l MZK  |r Sklad / do 24 hodin  |n 9  |w 000244330  |u 000010  |a 1  |e BOA001  |j MZK50  |s A